| 000 | 00648nam a2200193 a 4500 | ||
|---|---|---|---|
| 001 | 000025709 | ||
| 005 | 20200930024005.0 | ||
| 008 | 110217s1981 sp r 001 0 spa d | ||
| 020 | _a9682402328 | ||
| 040 |
_aDO-SdBNP _bspa _cBNPHU |
||
| 082 |
_a659.2 _bR586r |
||
| 100 | 1 |
_aRíos Szalay, Jorge _952474 |
|
| 245 | 1 | 0 |
_aRelaciones publicas : _bsu administracion en las organizaciones / _cJorge Ríos Szalay. |
| 260 |
_aMéxico, D. : _bTrillas, _c1981. |
||
| 300 |
_a134 p. ; _c23 cm. |
||
| 490 | 1 | _aBiblioteca de Ciencias de la Administracion | |
| 650 | 4 |
_aRelaciones públicas _922495 |
|
| 830 | 0 |
_aBiblioteca de Ciencias de la Administracion _952475 |
|
| 999 |
_c25201 _d25201 |
||